[Event "Madrid-chT 2122"]
[Site "Madrid"]
[Date "2022.01.30"]
[Round "7.1"]
[White "Ingunza Curro, Andres"]
[Black "Reyes Larena, Juan"]
[Result "1-0"]
[WhiteElo "2383"]
[BlackElo "2445"]
[PlyCount "85"]
[EventDate "2021.11.27"]
[EventType "team-tourn"]
[EventRounds "14"]
[EventCountry "ESP"]
[SourceTitle "Ajedrez en Madrid"]
[Source "lmi"]
[SourceDate "2021.11.28"]
[SourceVersion "1"]
[SourceVersionDate "2022.03.28"]
[SourceQuality "1"]
[WhiteTeam "Tajamar"]
[BlackTeam "San Sebastian de los Reyes"]
[WhiteTeamCountry "ESP"]
[BlackTeamCountry "ESP"]

1. e4 e5 2. Nf3 Nc6 3. Bc4 Nf6 4. d3 h6 5. c3 d6 6. Nbd2 a6 7. b4 g5 8. h3 b5
9. Bb3 a5 10. bxa5 Nxa5 11. Bc2 Nc6 12. O-O Bg7 13. Re1 Nh5 14. Nxe5 Bxe5 15.
Qxh5 Bxc3 16. Bb3 Qe7 17. Rb1 Ne5 18. Re3 Be6 19. Qd1 Bd4 20. Rg3 c6 21. Bb2
Qa7 22. Bxd4 Qxd4 23. Bxe6 fxe6 24. Nb3 Qa7 25. d4 Ng6 26. Qh5 Qf7 27. Rf3 Qg7
28. e5 dxe5 29. Nc5 Ke7 30. Qg4 Qg8 31. Qe4 Nh4 32. Rd3 Qg6 33. Qxe5 Rhd8 34.
Qc7+ Kf8 35. Re1 Re8 36. Rde3 Qf7 37. Qd6+ Kg8 38. Rxe6 Rf8 39. R1e2 Nf5 40.
Qe5 Rad8 41. Ne4 Rd5 42. Nf6+ Kh8 43. Nxd5+ 1-0

[Event "Madrid-chT 2122"]
[Site "Madrid"]
[Date "2022.01.30"]
[Round "7.2"]
[White "Adan Bermudez, Sergio"]
[Black "Elissalt Cardenas, Hector"]
[Result "1-0"]
[WhiteElo "2277"]
[BlackElo "2287"]
[PlyCount "115"]
[EventDate "2021.11.27"]
[EventType "team-tourn"]
[EventRounds "14"]
[EventCountry "ESP"]
[SourceTitle "Ajedrez en Madrid"]
[Source "lmi"]
[SourceDate "2021.11.28"]
[SourceVersion "1"]
[SourceVersionDate "2022.03.28"]
[SourceQuality "1"]
[WhiteTeam "San Sebastian de los Reyes"]
[BlackTeam "Tajamar"]
[WhiteTeamCountry "ESP"]
[BlackTeamCountry "ESP"]

1. Nf3 d5 2. d3 g6 3. Nbd2 Bg7 4. e4 c6 5. g3 Nf6 6. e5 Ng4 7. d4 f6 8. h3 Nh6
9. Bg2 O-O 10. O-O Na6 11. Re1 Nf7 12. Nb3 b6 13. a4 Nc7 14. a5 Bd7 15. Bd2 Re8
16. Qe2 Qc8 17. axb6 axb6 18. Rxa8 Qxa8 19. Ra1 Qb7 20. Bf4 g5 21. Bd2 Ra8 22.
Rxa8+ Qxa8 23. Bb4 Bf8 24. Qd2 Qa4 25. exf6 exf6 26. Bxf8 Kxf8 27. h4 h6 28.
Qd3 Qa8 29. Qg6 Ke7 30. Nbd2 Ne8 31. Nf1 Ned6 32. Ne3 Qa1+ 33. Kh2 Qxb2 34. Bh3
Bxh3 35. Kxh3 Qa1 36. Kg2 Qa8 37. Ng4 Qh8 38. h5 Ne4 39. c4 Qc8 40. Nxh6 Nxh6
41. Qxh6 Qf5 42. Qg7+ Kd6 43. c5+ bxc5 44. Qf8+ Kc7 45. dxc5 g4 46. Qe7+ Kc8
47. Qe8+ Kb7 48. Qxc6+ Kb8 49. Qb6+ Kc8 50. Qc6+ Kd8 51. Qb6+ Ke7 52. Qc7+ Kf8
53. Qd8+ Kf7 54. Qc7+ Kg8 55. Qd8+ Kh7 56. Qe7+ Kh6 57. Qf8+ Kxh5 58. Qh8+ 1-0

[Event "Madrid-chT 2122"]
[Site "Madrid"]
[Date "2022.01.30"]
[Round "7.3"]
[White "Mkrtchyan, Levon"]
[Black "Quevedo Marin, Manuel"]
[Result "1/2-1/2"]
[WhiteElo "2284"]
[BlackElo "2198"]
[PlyCount "86"]
[EventDate "2021.11.27"]
[EventType "team-tourn"]
[EventRounds "14"]
[EventCountry "ESP"]
[SourceTitle "Ajedrez en Madrid"]
[Source "lmi"]
[SourceDate "2021.11.28"]
[SourceVersion "1"]
[SourceVersionDate "2022.03.28"]
[SourceQuality "1"]
[WhiteTeam "Tajamar"]
[BlackTeam "San Sebastian de los Reyes"]
[WhiteTeamCountry "ESP"]
[BlackTeamCountry "ESP"]

1. e4 c5 2. Nf3 Nc6 3. d4 cxd4 4. Nxd4 g6 5. Be3 Nf6 6. Nc3 Bg7 7. Bc4 Qa5 8.
O-O O-O 9. Bb3 d6 10. f3 Bd7 11. Qd2 Rfc8 12. Nxc6 bxc6 13. Rad1 Rab8 14. Ne2
Qxd2 15. Rxd2 c5 16. c3 Bb5 17. c4 Ba6 18. Nf4 Nd7 19. Nd5 Kf8 20. Bg5 f6 21.
Bf4 Nb6 22. Rc1 Nxd5 23. exd5 f5 24. Re2 Bf6 25. Bd2 Rc7 26. Bc3 Bxc3 27. Rxc3
Rb4 28. f4 Bc8 29. a3 Rb6 30. Ba4 Bd7 31. Bxd7 Rxd7 32. b3 Ra6 33. a4 Rb6 34.
Kf2 a5 35. Ke1 Rdb7 36. Ree3 Kg7 37. Kd2 Ra6 38. Re6 Ra8 39. Rce3 Kf7 40. Kc2
Rg8 41. Rh3 Kg7 42. Rhe3 Kf7 43. Rh3 Kg7 1/2-1/2

[Event "Madrid-chT 2122"]
[Site "Madrid"]
[Date "2022.01.30"]
[Round "7.4"]
[White "Alfaya Marcelo, Roberto"]
[Black "Rodriguez Lopez, David"]
[Result "1-0"]
[WhiteElo "2207"]
[BlackElo "2147"]
[PlyCount "71"]
[EventDate "2021.11.27"]
[EventType "team-tourn"]
[EventRounds "14"]
[EventCountry "ESP"]
[SourceTitle "Ajedrez en Madrid"]
[Source "lmi"]
[SourceDate "2021.11.28"]
[SourceVersion "1"]
[SourceVersionDate "2022.03.28"]
[SourceQuality "1"]
[WhiteTeam "San Sebastian de los Reyes"]
[BlackTeam "Tajamar"]
[WhiteTeamCountry "ESP"]
[BlackTeamCountry "ESP"]

1. c4 e6 2. Nc3 d5 3. d4 Nf6 4. cxd5 exd5 5. Bg5 Be7 6. e3 c6 7. Qc2 Nh5 8.
Bxe7 Qxe7 9. Nxd5 Qd6 10. Nc3 O-O 11. Bd3 g6 12. Nf3 Re8 13. O-O Nd7 14. Rac1
Ndf6 15. Ne5 Rxe5 16. dxe5 Qxe5 17. Rce1 Ng4 18. f4 Qc5 19. h3 Ngf6 20. Qf2 Ng7
21. e4 Ne6 22. f5 gxf5 23. exf5 Qxf2+ 24. Rxf2 Nc5 25. Bc2 Bd7 26. g4 h6 27.
Re5 b6 28. Rd2 Kg7 29. Kh2 Rg8 30. b4 Na6 31. a3 Kf8 32. Rd6 Kg7 33. Re7 Nb8
34. Bb3 Rf8 35. Ne4 Nxe4 36. Rxe4 1-0

[Event "Madrid-chT 2122"]
[Site "Madrid"]
[Date "2022.01.30"]
[Round "7.5"]
[White "Sahuquillo Cruz, Alejandro"]
[Black "Martinez Fernandez, Raul"]
[Result "0-1"]
[WhiteElo "2021"]
[BlackElo "2220"]
[PlyCount "80"]
[EventDate "2021.11.27"]
[EventType "team-tourn"]
[EventRounds "14"]
[EventCountry "ESP"]
[SourceTitle "Ajedrez en Madrid"]
[Source "lmi"]
[SourceDate "2021.11.28"]
[SourceVersion "1"]
[SourceVersionDate "2022.03.28"]
[SourceQuality "1"]
[WhiteTeam "Tajamar"]
[BlackTeam "San Sebastian de los Reyes"]
[WhiteTeamCountry "ESP"]
[BlackTeamCountry "ESP"]

1. e4 e5 2. Nf3 Nc6 3. d4 exd4 4. Nxd4 Nf6 5. Nxc6 bxc6 6. Bd3 d5 7. Qe2 dxe4
8. Bxe4 Nxe4 9. Qxe4+ Qe7 10. Qxe7+ Bxe7 11. Nd2 Ba6 12. Nb3 O-O-O 13. Be3 Rhe8
14. Rd1 Bd6 15. Rd2 c5 16. Kd1 Bb7 17. Rg1 Bxh2 18. Rh1 Be5 19. Nxc5 Bxg2 20.
Rxh7 Bxb2 21. Rxd8+ Rxd8+ 22. Ke2 Bd5 23. Nd3 Bc3 24. Bxa7 Bxa2 25. Rh4 f5 26.
Ra4 Bd5 27. Be3 Bf6 28. Nc5 g5 29. Bd4 Be7 30. c3 g4 31. Nd3 Bf3+ 32. Kd2 Bg5+
33. Kc2 Be4 34. Ra5 Rd6 35. Rc5 Bf4 36. Ra5 Rh6 37. Ra1 Rh2 38. Re1 g3 39. Rxe4
fxe4 40. Nxf4 gxf2 0-1

[Event "Madrid-chT 2122"]
[Site "Madrid"]
[Date "2022.01.30"]
[Round "7.6"]
[White "Hernandez Ramos, David"]
[Black "Martinez Aragon, Aitor"]
[Result "1/2-1/2"]
[WhiteElo "2121"]
[BlackElo "2009"]
[PlyCount "74"]
[EventDate "2021.11.27"]
[EventType "team-tourn"]
[EventRounds "14"]
[EventCountry "ESP"]
[SourceTitle "Ajedrez en Madrid"]
[Source "lmi"]
[SourceDate "2021.11.28"]
[SourceVersion "1"]
[SourceVersionDate "2022.03.28"]
[SourceQuality "1"]
[WhiteTeam "San Sebastian de los Reyes"]
[BlackTeam "Tajamar"]
[WhiteTeamCountry "ESP"]
[BlackTeamCountry "ESP"]

1. d4 Nf6 2. c4 e6 3. Nf3 Bb4+ 4. Bd2 a5 5. a3 Bxd2+ 6. Qxd2 b6 7. Nc3 Bb7 8.
e3 d6 9. Bd3 Nbd7 10. e4 O-O 11. O-O-O e5 12. Bc2 Ba6 13. Qe2 Re8 14. Rhg1 Qc8
15. h3 Qb7 16. Ba4 Re7 17. g4 c6 18. dxe5 Nxe5 19. Nxe5 dxe5 20. g5 Nd7 21. Rd6
Rc8 22. Rgd1 Nf8 23. Rd8 Rxd8 24. Rxd8 Rd7 25. Re8 Re7 26. Bxc6 Qxc6 27. Rxe7
Bxc4 28. Qf3 b5 29. Kb1 Qd6 30. Ra7 Qb6 31. Qe3 Qd8 32. Rb7 Ne6 33. h4 h6 34.
Qg3 Qd2 35. Qe3 Qd8 36. Qg3 Qd2 37. Qe3 Qd8 1/2-1/2

[Event "Madrid-chT 2122"]
[Site "Madrid"]
[Date "2022.02.05"]
[Round "8.1"]
[White "Nayhebaver, Martin"]
[Black "Corral Blanco, Juan Antonio"]
[Result "1-0"]
[WhiteElo "2502"]
[BlackElo "2414"]
[PlyCount "79"]
[EventDate "2021.11.27"]
[EventType "team-tourn"]
[EventRounds "14"]
[EventCountry "ESP"]
[SourceTitle "Ajedrez en Madrid"]
[Source "lmi"]
[SourceDate "2021.11.28"]
[SourceVersion "1"]
[SourceVersionDate "2022.03.28"]
[SourceQuality "1"]
[WhiteTeam "Villalba 64"]
[BlackTeam "La Didactica"]
[WhiteTeamCountry "ESP"]
[BlackTeamCountry "ESP"]

1. e4 c5 2. Nf3 e6 3. d4 cxd4 4. Nxd4 Nc6 5. Nc3 Qc7 6. Be3 a6 7. f4 b5 8. Nxc6
Qxc6 9. Be2 Bb7 10. Bf3 Qc7 11. Qd4 Rc8 12. a3 Ne7 13. O-O-O Nc6 14. Qb6 Qxb6
15. Bxb6 Nb8 16. Rd3 Bc5 17. Bxc5 Rxc5 18. e5 Bxf3 19. Rxf3 Rc4 20. Rd1 b4 21.
axb4 Rxb4 22. b3 O-O 23. g3 f6 24. exf6 Rxf6 25. Re3 Rf5 26. Re4 a5 27. Rxb4
axb4 28. Na2 h6 29. Nxb4 g5 30. Rd4 gxf4 31. Rxf4 Rc5 32. Kd2 Kg7 33. c4 Ra5
34. Kc3 Na6 35. Rd4 Nc5 36. Nd3 d6 37. Rxd6 Ne4+ 38. Kb4 Ra2 39. Rxe6 Ng5 40.
Re3 1-0

[Event "Madrid-chT 2122"]
[Site "Madrid"]
[Date "2022.02.05"]
[Round "8.2"]
[White "Rottenwohrer Suarez, Juan"]
[Black "Sanchez Gonzalez, Sergio"]
[Result "1/2-1/2"]
[WhiteElo "2268"]
[BlackElo "2296"]
[PlyCount "129"]
[EventDate "2021.11.27"]
[EventType "team-tourn"]
[EventRounds "14"]
[EventCountry "ESP"]
[SourceTitle "Ajedrez en Madrid"]
[Source "lmi"]
[SourceDate "2021.11.28"]
[SourceVersion "1"]
[SourceVersionDate "2022.03.28"]
[SourceQuality "1"]
[WhiteTeam "La Didactica"]
[BlackTeam "Villalba 64"]
[WhiteTeamCountry "ESP"]
[BlackTeamCountry "ESP"]

1. c4 c6 2. d4 d5 3. Nf3 Nf6 4. cxd5 cxd5 5. Nc3 Nc6 6. Bf4 Bf5 7. e3 e6 8. Bb5
Bb4 9. Ne5 Qa5 10. O-O Bxc3 11. Bxc6+ bxc6 12. bxc3 Qxc3 13. Qb3 Qxb3 14. axb3
Ne4 15. Rfc1 g5 16. Bg3 f6 17. Nxc6 Nxg3 18. hxg3 Kd7 19. Na5 Rab8 20. Rc5 Rhc8
21. Rxc8 Kxc8 22. Nc6 Rxb3 23. Rxa7 Rb1+ 24. Kh2 Rb2 25. Ne7+ Kb8 26. Nc6+ Kc8
27. Rf7 Rxf2 28. Rxf6 g4 29. Rf7 Rf1 30. Ne7+ Kd8 31. Nxf5 Rxf5 32. Rxh7 Rf1
33. Rg7 Re1 34. Rxg4 Rxe3 35. Rf4 Ke7 36. g4 Kd6 37. g5 e5 38. Rg4 exd4 39.
Rxd4 Ke5 40. Rd2 Ra3 41. g3 d4 42. Kh3 Kf5 43. Kh4 Ra1 44. Rf2+ Kg6 45. Rf6+
Kg7 46. Rd6 Rd1 47. Kh5 Rh1+ 48. Kg4 Rd1 49. Rd7+ Kg6 50. Rd6+ Kg7 51. g6 Rg1
52. Rxd4 Kxg6 53. Rd6+ Kg7 54. Kf4 Ra1 55. Rd5 Ra4+ 56. Kg5 Ra6 57. Rd7+ Kg8
58. g4 Rb6 59. Kh5 Ra6 60. g5 Rb6 61. g6 Rb1 62. Rd8+ Kg7 63. Rd7+ Kg8 64. Kh6
Rh1+ 65. Kg5 1/2-1/2

[Event "Madrid-chT 2122"]
[Site "Madrid"]
[Date "2022.02.05"]
[Round "8.3"]
[White "Garcia Luengo, Leandro"]
[Black "Arriaga Lugo, Ricardo"]
[Result "1/2-1/2"]
[WhiteElo "2275"]
[BlackElo "2191"]
[PlyCount "144"]
[EventDate "2021.11.27"]
[EventType "team-tourn"]
[EventRounds "14"]
[EventCountry "ESP"]
[SourceTitle "Ajedrez en Madrid"]
[Source "lmi"]
[SourceDate "2021.11.28"]
[SourceVersion "1"]
[SourceVersionDate "2022.03.28"]
[SourceQuality "1"]
[WhiteTeam "Villalba 64"]
[BlackTeam "La Didactica"]
[WhiteTeamCountry "ESP"]
[BlackTeamCountry "ESP"]

1. e4 c5 2. Nc3 d6 3. f4 e6 4. Nf3 Nc6 5. d4 cxd4 6. Nxd4 Nf6 7. Be3 Be7 8. Qf3
a6 9. O-O-O Qc7 10. Rg1 Nxd4 11. Bxd4 e5 12. fxe5 dxe5 13. Qg3 Be6 14. Bxe5 Qa5
15. Bc7 Qc5 16. Bd6 Bxd6 17. Qxd6 Rc8 18. Qxc5 Rxc5 19. Be2 Nd7 20. Nd5 Ne5 21.
Rd4 Bxd5 22. exd5 Kd7 23. Rgd1 Rd8 24. Kb1 Kd6 25. a3 Rdc8 26. c3 g6 27. Rb4
Kc7 28. Rf4 f5 29. c4 Kd6 30. b4 Rxc4 31. Bxc4 Nxc4 32. Rd3 b5 33. g4 Ke5 34.
Rf2 Ke4 35. Rh3 Rc7 36. gxf5 gxf5 37. Re2+ Kd4 38. Re6 Kxd5 39. Rxa6 Rf7 40.
Rah6 Rg7 41. Rg3 Re7 42. Rf6 Re1+ 43. Kc2 Ke5 44. Rf7 Re2+ 45. Kc3 Rxh2 46. a4
Nd6 47. Re7+ Kf6 48. Rgg7 bxa4 49. Rxh7 Rg2 50. Rd7 Ne4+ 51. Kd4 Rb2 52. Rhf7+
Ke6 53. Rfe7+ Kf6 54. Rf7+ Ke6 55. Rde7+ Kd6 56. Rb7 Ke6 57. Rfc7 a3 58. Rc6+
Nd6 59. Ra6 a2 60. Rbb6 Ke7 61. Rxd6 a1=Q 62. Re6+ Kd7 63. Rxa1 Kxe6 64. Ra6+
Ke7 65. Kc5 f4 66. b5 f3 67. Ra3 f2 68. Rf3 Ke6 69. b6 Ke5 70. Kc6 Ke4 71. Rf8
Ke3 72. Kc7 Ke2 1/2-1/2

[Event "Madrid-chT 2122"]
[Site "Madrid"]
[Date "2022.02.05"]
[Round "8.4"]
[White "Barraza Caracuel, Ignacio"]
[Black "Lopez del Alamo, Antonio"]
[Result "0-1"]
[WhiteElo "2103"]
[BlackElo "2253"]
[PlyCount "80"]
[EventDate "2021.11.27"]
[EventType "team-tourn"]
[EventRounds "14"]
[EventCountry "ESP"]
[SourceTitle "Ajedrez en Madrid"]
[Source "lmi"]
[SourceDate "2021.11.28"]
[SourceVersion "1"]
[SourceVersionDate "2022.03.28"]
[SourceQuality "1"]
[WhiteTeam "La Didactica"]
[BlackTeam "Villalba 64"]
[WhiteTeamCountry "ESP"]
[BlackTeamCountry "ESP"]

1. Nf3 Nf6 2. c4 g6 3. Nc3 Bg7 4. d4 O-O 5. Bg5 c5 6. d5 d6 7. e3 a6 8. a4 Qa5
9. Nd2 e5 10. Be2 Nbd7 11. e4 h6 12. Be3 Nh7 13. O-O f5 14. f3 f4 15. Bf2 Bf6
16. Rb1 Qd8 17. Qe1 a5 18. Nb5 Nb8 19. Nb3 b6 20. Nc1 Na6 21. Nd3 Rb8 22. Kh1
Rb7 23. Rg1 Rg7 24. g3 fxg3 25. Bxg3 Ng5 26. f4 Nxe4 27. fxe5 dxe5 28. Bf3
Nxg3+ 29. Qxg3 Bf5 30. Bg4 Be4+ 31. Rg2 Nb4 32. Nxb4 axb4 33. Rbg1 Kh7 34. Qe3
Bxg2+ 35. Kxg2 Bg5 36. Qxe5 Bf4 37. Qe2 Qh4 38. Kh1 Bg5 39. Bf3 Re7 40. Qg2 Re3
0-1

[Event "Madrid-chT 2122"]
[Site "Madrid"]
[Date "2022.02.05"]
[Round "8.5"]
[White "Perdomo Araujo, Angel Eduardo"]
[Black "Baldus Martin, Juan"]
[Result "1/2-1/2"]
[WhiteElo "2082"]
[BlackElo "1998"]
[PlyCount "90"]
[EventDate "2021.11.27"]
[EventType "team-tourn"]
[EventRounds "14"]
[EventCountry "ESP"]
[SourceTitle "Ajedrez en Madrid"]
[Source "lmi"]
[SourceDate "2021.11.28"]
[SourceVersion "1"]
[SourceVersionDate "2022.03.28"]
[SourceQuality "1"]
[WhiteTeam "Villalba 64"]
[BlackTeam "La Didactica"]
[WhiteTeamCountry "ESP"]
[BlackTeamCountry "ESP"]

1. e4 e6 2. d4 d5 3. Nc3 Bb4 4. e5 c5 5. a3 Bxc3+ 6. bxc3 Ne7 7. Qg4 Qc7 8.
Qxg7 Rg8 9. Qxh7 cxd4 10. Ne2 Nbc6 11. f4 dxc3 12. Qd3 d4 13. Nxd4 Nxd4 14.
Qxd4 Bd7 15. Rg1 Nf5 16. Qf2 Qc6 17. Bd3 Qd5 18. Bxf5 exf5 19. Be3 O-O-O 20.
Rd1 Qa2 21. Bc5 Bc6 22. Bd6 Qc4 23. Qd4 Qxd4 24. Rxd4 Bxg2 25. Rc4+ Bc6 26. Rg3
Rxg3 27. hxg3 Rh8 28. Rxc3 Rh2 29. Bc5 Kb8 30. Kd1 Rh6 31. Kc1 b6 32. Bf8 Rh1+
33. Kb2 Kb7 34. Bd6 Rg1 35. Be7 Rg2 36. Bh4 Be4 37. Bd8 Bc6 38. Be7 Be8 39. Bd6
Bc6 40. Kc1 Rh2 41. Be7 Be8 42. Bh4 Rg2 43. Rc4 Bb5 44. Rc3 Bc6 45. Bd8 Rh2
1/2-1/2

[Event "Madrid-chT 2122"]
[Site "Madrid"]
[Date "2022.02.05"]
[Round "8.6"]
[White "Gonzalez Martinez, Daniel"]
[Black "Gutierrez Diaz, Pablo"]
[Result "1/2-1/2"]
[WhiteElo "1888"]
[BlackElo "1908"]
[PlyCount "95"]
[EventDate "2021.11.27"]
[EventType "team-tourn"]
[EventRounds "14"]
[EventCountry "ESP"]
[SourceTitle "Ajedrez en Madrid"]
[Source "lmi"]
[SourceDate "2021.11.28"]
[SourceVersion "1"]
[SourceVersionDate "2022.03.28"]
[SourceQuality "1"]
[WhiteTeam "La Didactica"]
[BlackTeam "Villalba 64"]
[WhiteTeamCountry "ESP"]
[BlackTeamCountry "ESP"]

1. e4 c5 2. Nf3 Nc6 3. d4 cxd4 4. Nxd4 g6 5. c4 Bg7 6. Be3 Nf6 7. Nc3 Ng4 8.
Qxg4 Nxd4 9. Qd1 Ne6 10. Rc1 O-O 11. Be2 d6 12. O-O a5 13. Qd2 Bd7 14. b3 Bc6
15. f3 Nc5 16. Rfd1 Na6 17. Bf1 Nb4 18. a3 Na6 19. Qf2 Qd7 20. c5 f5 21. exf5
Rxf5 22. cxd6 exd6 23. Bd3 Rh5 24. Ne4 d5 25. Ng3 Re5 26. Bd4 Re7 27. h4 Bh6
28. Rc2 Nc7 29. Re1 Rxe1+ 30. Qxe1 Re8 31. Re2 Rxe2 32. Bxe2 Ne6 33. Be5 Be3+
34. Kh1 Qe7 35. Nf1 Bb6 36. Bd3 Nc5 37. Bc2 Bb5 38. Nh2 Bd3 39. Bd1 Bc7 40. f4
Bxe5 41. fxe5 Be4 42. Ng4 b6 43. Bf3 h5 44. Nf6+ Kg7 45. Nxd5 Qxe5 46. Bxe4
Nxe4 47. Ne3 Nf6 48. Nc2 1/2-1/2

[Event "Madrid-chT 2122"]
[Site "Madrid"]
[Date "2022.02.05"]
[Round "8.1"]
[White "Martinez Reyes, Pedro Ramon"]
[Black "Espinosa Aranda, Angel"]
[Result "1/2-1/2"]
[WhiteElo "2402"]
[BlackElo "2450"]
[PlyCount "32"]
[EventDate "2021.11.27"]
[EventType "team-tourn"]
[EventRounds "14"]
[EventCountry "ESP"]
[SourceTitle "Ajedrez en Madrid"]
[Source "lmi"]
[SourceDate "2021.11.28"]
[SourceVersion "1"]
[SourceVersionDate "2022.03.28"]
[SourceQuality "1"]
[WhiteTeam "Blanco y Negro"]
[BlackTeam "Virgen de Atocha"]
[WhiteTeamCountry "ESP"]
[BlackTeamCountry "ESP"]

1. Nf3 g6 2. g3 Bg7 3. d4 d5 4. Bg2 Nd7 5. O-O Ngf6 6. a4 a5 7. Nc3 O-O 8. Re1
c6 9. e4 Nxe4 10. Nxe4 dxe4 11. Rxe4 Nf6 12. Re1 Bg4 13. c3 e6 14. Qb3 Bxf3 15.
Bxf3 Qd7 16. Bg5 Rfe8 1/2-1/2

[Event "Madrid-chT 2122"]
[Site "Madrid"]
[Date "2022.02.05"]
[Round "8.2"]
[White "Rubio Mejia, Luis Ignacio"]
[Black "Taboas Rodriguez, Daniel"]
[Result "1/2-1/2"]
[WhiteElo "2409"]
[BlackElo "2369"]
[PlyCount "85"]
[EventDate "2021.11.27"]
[EventType "team-tourn"]
[EventRounds "14"]
[EventCountry "ESP"]
[SourceTitle "Ajedrez en Madrid"]
[Source "lmi"]
[SourceDate "2021.11.28"]
[SourceVersion "1"]
[SourceVersionDate "2022.03.28"]
[SourceQuality "1"]
[WhiteTeam "Virgen de Atocha"]
[BlackTeam "Blanco y Negro"]
[WhiteTeamCountry "ESP"]
[BlackTeamCountry "ESP"]

1. c4 Nf6 2. Nc3 e6 3. d4 d5 4. cxd5 exd5 5. Bg5 c6 6. e3 Bd6 7. Bd3 Be6 8. Qc2
Nbd7 9. O-O-O h6 10. Bh4 Qe7 11. f4 g5 12. Bg3 Nb6 13. Nf3 O-O-O 14. Kb1 Nh5
15. Bf2 gxf4 16. Bh4 f6 17. e4 dxe4 18. Bxe4 Kb8 19. d5 cxd5 20. Nxd5 Nxd5 21.
Bxd5 Bxd5 22. Rxd5 Qf7 23. Rhd1 Bc7 24. Rxd8+ Rxd8 25. Rxd8+ Bxd8 26. Qf5 Bc7
27. Bf2 Ng7 28. Qh7 Qd7 29. Qg8+ Qd8 30. Qxd8+ Bxd8 31. Kc2 Ne6 32. Nd4 Ng5 33.
Nf5 f3 34. gxf3 Nxf3 35. h3 h5 36. Ng7 h4 37. Kd3 Ng5 38. Bxh4 Nxh3 39. Ke4
Ng5+ 40. Kf5 Nh7 41. Ne6 Be7 42. Kg6 Ng5 43. Nxg5 1/2-1/2

[Event "Madrid-chT 2122"]
[Site "Madrid"]
[Date "2022.02.05"]
[Round "8.3"]
[White "Alarcia Astiz, Carlos"]
[Black "Almagro Llamas, Pablo"]
[Result "0-1"]
[WhiteElo "2310"]
[BlackElo "2403"]
[PlyCount "54"]
[EventDate "2021.11.27"]
[EventType "team-tourn"]
[EventRounds "14"]
[EventCountry "ESP"]
[SourceTitle "Ajedrez en Madrid"]
[Source "lmi"]
[SourceDate "2021.11.28"]
[SourceVersion "1"]
[SourceVersionDate "2022.03.28"]
[SourceQuality "1"]
[WhiteTeam "Blanco y Negro"]
[BlackTeam "Virgen de Atocha"]
[WhiteTeamCountry "ESP"]
[BlackTeamCountry "ESP"]

1. e4 c5 2. Nf3 e6 3. d4 cxd4 4. Nxd4 a6 5. f4 Qc7 6. Nf3 Bc5 7. Bd3 b5 8. Qe2
d6 9. a4 b4 10. b3 Nf6 11. Bb2 Nc6 12. Nbd2 e5 13. g3 exf4 14. e5 dxe5 15. gxf4
Nd5 16. Nxe5 Nxf4 17. Qe4 Nxe5 18. Bxe5 Nxd3+ 19. cxd3 Qe7 20. Qxa8 O-O 21.
O-O-O Qxe5 22. d4 Bxd4 23. Qf3 Be3 24. Kb1 Qc3 25. Rc1 Qd3+ 26. Rc2 Bf5 27.
Rhc1 Bxd2 0-1

[Event "Madrid-chT 2122"]
[Site "Madrid"]
[Date "2022.02.05"]
[Round "8.4"]
[White "Vazquez Torres, Adrian"]
[Black "Renteria Becerra, Jorge Eliecer"]
[Result "0-1"]
[WhiteElo "2205"]
[BlackElo "2258"]
[PlyCount "134"]
[EventDate "2021.11.27"]
[EventType "team-tourn"]
[EventRounds "14"]
[EventCountry "ESP"]
[SourceTitle "Ajedrez en Madrid"]
[Source "lmi"]
[SourceDate "2021.11.28"]
[SourceVersion "1"]
[SourceVersionDate "2022.03.28"]
[SourceQuality "1"]
[WhiteTeam "Virgen de Atocha"]
[BlackTeam "Blanco y Negro"]
[WhiteTeamCountry "ESP"]
[BlackTeamCountry "ESP"]

1. e4 c5 2. Nf3 d6 3. d4 cxd4 4. Nxd4 Nf6 5. Nc3 a6 6. Bc4 e6 7. Bb3 b5 8. O-O
b4 9. Na4 Bd7 10. c3 bxc3 11. Nxc3 Nc6 12. Be3 Na5 13. Bc2 Nc4 14. Bc1 Be7 15.
Qf3 O-O 16. b3 Ne5 17. Qg3 Rc8 18. Bb2 Qb6 19. Rad1 Rfe8 20. Kh1 Ng6 21. Bb1
Qa5 22. f4 Nxf4 23. Qxf4 e5 24. Qf2 exd4 25. Nd5 Bb5 26. Bxd4 Bxf1 27. Rxf1 Qd8
28. Qf5 Rc5 29. b4 Rxd5 30. exd5 Qd7 31. Qg5 Qb5 32. Rd1 Qxb4 33. h3 Qa4 34.
Qd2 Bd8 35. Qd3 Ne4 36. Kh2 Bf6 37. Re1 Qxd4 38. Qxd4 Bxd4 39. Rxe4 Be5+ 40.
Kg1 a5 41. Bc2 g6 42. g4 Rc8 43. Bd3 Rc3 44. Bf1 Ra3 45. Re2 Kg7 46. Bg2 f5 47.
gxf5 gxf5 48. Rd2 Kf6 49. Kf2 Rc3 50. Bf3 Kg5 51. Kg2 Kf4 52. Bd1 Rg3+ 53. Kh2
Ra3 54. Kg2 Ke3 55. Rf2 Kd4 56. Rd2+ Kc5 57. Bf3 a4 58. h4 Rc3 59. h5 h6 60.
Bd1 Kb4 61. Rb2+ Ka3 62. Rb5 Rd3 63. Be2 Rd2 64. Kf3 Rxa2 65. Bd3 Rb2 66. Ke3
f4+ 67. Ke4 Rxb5 0-1

[Event "Madrid-chT 2122"]
[Site "Madrid"]
[Date "2022.02.05"]
[Round "8.5"]
[White "Hidalgo Duque, Carlos"]
[Black "Rabadan Velasco, Raul"]
[Result "1/2-1/2"]
[WhiteElo "2254"]
[BlackElo "2174"]
[PlyCount "77"]
[EventDate "2021.11.27"]
[EventType "team-tourn"]
[EventRounds "14"]
[EventCountry "ESP"]
[SourceTitle "Ajedrez en Madrid"]
[Source "lmi"]
[SourceDate "2021.11.28"]
[SourceVersion "1"]
[SourceVersionDate "2022.03.28"]
[SourceQuality "1"]
[WhiteTeam "Blanco y Negro"]
[BlackTeam "Virgen de Atocha"]
[WhiteTeamCountry "ESP"]
[BlackTeamCountry "ESP"]

1. Nf3 d5 2. d4 e6 3. c4 dxc4 4. e3 Nf6 5. Bxc4 a6 6. Bb3 c5 7. O-O b6 8. Nc3
Bb7 9. Qe2 Nbd7 10. Rd1 Qc7 11. a3 Be7 12. e4 cxd4 13. Nxd4 Nc5 14. Bc2 Rd8 15.
b4 e5 16. Nf5 Ne6 17. Bb2 Nd4 18. Nxd4 exd4 19. Nd5 Nxd5 20. exd5 Rxd5 21. Rxd4
Rxd4 22. Bxd4 O-O 23. Re1 Qc6 24. Qg4 Bf6 25. Be4 Re8 26. Bxf6 Qxf6 27. Bxh7+
Kf8 28. Rxe8+ Kxe8 29. Qe2+ Kf8 30. Bc2 Qa1+ 31. Qd1 Qf6 32. h3 g6 33. Qd3 Qg5
34. f3 Bd5 35. Kf2 Qh4+ 36. Ke3 Qe1+ 37. Kd4 Be6 38. Bd1 Qf2+ 39. Kc3 1/2-1/2